[Event "52nd Groningen Open"]
[Site "Groningen NED"]
[Date "2014.12.28"]
[Round "7.40"]
[White "Kokje, Joris"]
[Black "Dehn, Marcus"]
[Result "1/2-1/2"]
[WhiteElo "1865"]
[BlackElo "2169"]
[WhiteFideId "1051024"]
[BlackFideId "4667093"]
[EventDate "2014.12.21"]

1. d4 e6 2. c4 Bb4+ 3. Bd2 Qe7 4. Nf3 Nf6 5. Nc3 Bxc3 6. Bxc3 Ne4 7. Qc2 Nxc3 8.
Qxc3 d6 9. e3 Nd7 10. O-O-O b6 11. Nd2 Bb7 12. f3 e5 13. Kb1 a5 14. h4 O-O-O 15.
d5 Nc5 16. Bd3 Nxd3 17. Qxd3 h6 18. g4 Kb8 19. h5 Rdf8 20. a3 Qd7 21. e4 Bc8 22.
b4 axb4 23. axb4 c5 24. b5 Kc7 25. Kb2 Bb7 26. Ra1 Ra8 27. Qe3 Qe7 28. Kc2 Rxa1
29. Rxa1 Qh4 30. Qg1 g6 31. Qh1 Qg5 32. Qh2 Qe3 33. Qh4 g5 34. Qe1 Qd4 35. Qg1
Qxg1 36. Rxg1 Ra8 37. Kb3 Kd8 38. Rc1 Ke7 39. Nf1 Bc8 40. Ng3 Kf6 41. Ne2 Ke7 1/2-1/2

[Event "52nd Groningen Open"]
[Site "Groningen NED"]
[Date "2014.12.28"]
[Round "7.41"]
[White "Savant, Riya"]
[Black "Vos, Tjark"]
[Result "1-0"]
[WhiteTitle "WFM"]
[WhiteElo "2063"]
[BlackElo "2173"]
[WhiteFideId "5067359"]
[BlackFideId "1020870"]
[EventDate "2014.12.21"]

1. d4 d5 2. Nf3 Nf6 3. c4 c6 4. e3 e6 5. Nc3 a6 6. Bd3 b5 7. c5 Nbd7 8. O-O g6
9. Re1 Bg7 10. e4 dxe4 11. Nxe4 Nxe4 12. Bxe4 Bb7 13. Bf4 O-O 14. Ne5 Rc8 15. a4
Nf6 16. axb5 axb5 17. Ra7 Nxe4 18. Rxe4 Qd5 19. Re1 Ba8 20. Nd7 Qf5 21. Nxf8
Qxf4 22. Nd7 Bxd4 23. Qf3 Qd2 24. Rd1 Qxb2 25. Nb6 Rf8 26. Rxa8 Rxa8 27. Nxa8
Bxc5 28. Nc7 b4 29. g3 b3 30. Rd8+ Kg7 31. Ne8+ Kf8 32. Nf6+ Kg7 33. Rg8+ Kh6
34. Ng4+ Kh5 35. Ne5+ 1-0

[Event "52nd Groningen Open"]
[Site "Groningen NED"]
[Date "2014.12.28"]
[Round "7.42"]
[White "Kampman, Tijmen"]
[Black "Rubingh, Otto"]
[Result "1-0"]
[BlackTitle "FM"]
[WhiteElo "2084"]
[BlackElo "2209"]
[WhiteFideId "1009079"]
[BlackFideId "1002139"]
[EventDate "2014.12.21"]

1. c4 c6 2. Nf3 d5 3. b3 Nf6 4. Bb2 Bg4 5. h3 Bxf3 6. gxf3 g6 7. e3 Bg7 8. f4
Nbd7 9. Be2 e6 10. d3 dxc4 11. bxc4 Qc7 12. Nd2 O-O-O 13. Qc2 Rhe8 14. Nf3 Nh5
15. d4 f6 16. O-O-O c5 17. Kb1 Bf8 18. Rd2 a6 19. Rhd1 cxd4 20. Nxd4 Bb4 21. Bc3
Bxc3 22. Qxc3 Nc5 23. Bf3 Rd6 24. Nb3 Rb6 25. Ka1 Qe7 26. Nxc5 Qxc5 27. Rd7 e5
28. Qd2 Kb8 29. Bxb7 Re7 30. Bf3 exf4 31. Rd8+ 1-0

[Event "52nd Groningen Open"]
[Site "Groningen NED"]
[Date "2014.12.28"]
[Round "7.43"]
[White "Gelip, Ioana"]
[Black "Hummel, Paul"]
[Result "1/2-1/2"]
[WhiteElo "2151"]
[BlackElo "2049"]
[WhiteFideId "1202260"]
[BlackFideId "1021168"]
[EventDate "2014.12.21"]

1. f4 g6 2. b3 Bg7 3. Nc3 d5 4. Bb2 Nf6 5. Nf3 O-O 6. e3 c5 7. Be2 Nc6 8. O-O d4
9. exd4 cxd4 10. Nb5 Ne4 11. d3 Nc5 12. a4 b6 13. Qe1 a6 14. Na3 Qc7 15. Nc4 Bb7
16. Qh4 e6 17. Nce5 Nxe5 18. Nxe5 Nd7 19. Ba3 Rfe8 20. Nc4 Bf8 21. Bxf8 Rxf8 22.
Rac1 b5 23. Nd2 bxa4 24. bxa4 Qc3 25. Nc4 Bd5 26. Bf3 Rab8 27. Nd6 Qc5 28. Qe7
Rb6 29. Bxd5 Qxd6 30. Qxd6 Rxd6 31. Bc4 Nb6 32. Bxa6 Nxa4 33. Bc4 Nc3 34. Ra1
Rb8 35. Bb3 Kg7 36. Kf2 Rbb6 37. Ke1 h6 38. Kd2 Ra6 39. Rae1 Ra5 40. g4 g5 41.
Rf3 Rb6 42. Rc1 Rba6 43. fxg5 hxg5 44. Rcf1 Ra7 45. Bc4 Re5 46. R3f2 Re3 47. Bb3
Rh3 48. Re1 Rh4 49. Rg2 Ra8 50. Rf1 Rah8 51. Rff2 Kg6 52. Bc4 Re8 53. Rf1 Reh8
54. Rff2 Rh3 55. Bb3 Re3 56. Rf1 f5 57. Bxe6 f4 58. Bf5+ Kf6 59. Be4 Reh3 60.
Rff2 Nxe4+ 61. dxe4 Ke5 62. Kc1 Kxe4 63. Re2+ Re3 64. Ref2 Rhh3 65. Kd2 Ra3 66.
Rg1 Ra2 67. Re1+ Re3 68. Rc1 d3 69. Kd1 dxc2+ 70. Rcxc2 Rxc2 71. Kxc2 Rh3 72.
Kd2 Rh4 73. Ke1 Rxg4 74. Kf1 Rh4 75. Kg2 Rh7 76. Ra2 Rd7 77. Re2+ Kf5 78. Ra2
Rd3 79. Ra5+ Kg4 80. Ra2 Rh3 81. Ra8 Rb3 82. Kg1 1/2-1/2

[Event "52nd Groningen Open"]
[Site "Groningen NED"]
[Date "2014.12.28"]
[Round "7.44"]
[White "Keetman, Maaike"]
[Black "Den Hartog, Marijn"]
[Result "0-1"]
[WhiteElo "2074"]
[BlackElo "2150"]
[WhiteFideId "1033697"]
[BlackFideId "1046098"]
[EventDate "2014.12.21"]

1. e4 e6 2. b3 c5 3. Bb2 Nc6 4. Nc3 d5 5. f4 d4 6. Nce2 Nf6 7. Ng3 h5 8. e5 h4
9. exf6 hxg3 10. fxg7 Bxg7 11. Nf3 Qf6 12. Ba3 b6 13. Bb5 Bb7 14. O-O Qxf4 15.
h3 O-O-O 16. b4 cxb4 17. Bxc6 Bxc6 18. Bxb4 d3 19. c3 Rd4 20. Rb1 Re4 21. Nd4
Bxd4+ 22. cxd4 Qg5 23. Rc1 Qd5 24. Qa4 Qxd4+ 25. Kh1 Rxh3+ 26. gxh3 g2+ 27. Kh2
gxf1=N+ 28. Kh1 Ng3+ 29. Kg2 Re2+ 30. Kxg3 Qf2+ 31. Kg4 Re4+ 32. Kg5 Qf5+ 33.
Kh6 Qg6# 0-1

[Event "52nd Groningen Open"]
[Site "Groningen NED"]
[Date "2014.12.28"]
[Round "7.45"]
[White "Nguyen, Kevin"]
[Black "Ratsma, Midas"]
[Result "1-0"]
[WhiteElo "1986"]
[BlackElo "2137"]
[WhiteFideId "1046349"]
[BlackFideId "1032283"]
[EventDate "2014.12.21"]

1. e4 e6 2. d4 d5 3. Nd2 c5 4. c3 cxd4 5. cxd4 Nc6 6. Ngf3 dxe4 7. Nxe4 Nf6 8.
Bd3 Be7 9. O-O O-O 10. Nc3 b6 11. a3 Bb7 12. Bc2 Qd7 13. Qd3 Rad8 14. Rd1 Qc8
15. Bg5 Ba6 16. Qe3 Nd5 17. Nxd5 Rxd5 18. Be4 Rd7 19. Rac1 Bb7 20. Bxe7 Rxe7 21.
Bxc6 Bxc6 22. d5 1-0

[Event "52nd Groningen Open"]
[Site "Groningen NED"]
[Date "2014.12.28"]
[Round "7.46"]
[White "Jarmany, John"]
[Black "Lewin, Tammo"]
[Result "0-1"]
[WhiteElo "2023"]
[BlackElo "2131"]
[WhiteFideId "415421"]
[BlackFideId "4668596"]
[EventDate "2014.12.21"]

1. e4 e6 2. d4 c5 3. c3 d5 4. exd5 exd5 5. Nf3 Nc6 6. Bb5 Bd6 7. dxc5 Bxc5 8.
O-O Ne7 9. Nbd2 O-O 10. Nb3 Bd6 11. Nfd4 Qc7 12. h3 a6 13. Bd3 Ne5 14. Re1 Nxd3
15. Qxd3 Bd7 16. Be3 Rad8 17. a4 Qc8 18. Bg5 f6 19. Bd2 Ng6 20. Qf3 Kh8 21. Be3
Rfe8 22. Nd2 Re5 23. Qd1 Nh4 24. N2f3 Nxf3+ 25. Qxf3 Rde8 26. Red1 Re4 27. a5
Bb8 28. Ne2 Qc7 29. Ng3 Rxe3 30. fxe3 Qxg3 31. Qxg3 Bxg3 32. Rxd5 Bc6 33. Rd3
Bb5 34. Rd4 Rxe3 35. c4 Bc6 36. Rd8+ Re8 37. Rad1 Kg8 38. b4 Kf7 39. Rxe8 Kxe8
40. Rd3 Be5 41. Rb3 Ba4 42. Ra3 Bd7 43. Ra2 Bc3 44. Kh1 Kd8 45. Rc2 Be5 46. Rc1
Kc7 47. Rb1 Bf5 48. Rf1 Be6 49. Rb1 h5 50. Re1 g5 51. Rb1 Kc6 52. Rc1 Bf5 53.
Rd1 Bc2 54. Re1 Bd3 55. Rc1 h4 56. Rd1 Bxc4 57. Rd8 Kb5 58. Rd7 Kxb4 59. Rxb7+
Kxa5 60. Kg1 Bb5 61. Kf2 Kb4 62. Ke3 a5 63. Kd2 a4 64. Kc2 a3 65. Kb1 Kc5 66.
Ra7 Bb2 67. Re7 Bf1 68. Rc7+ Kd6 69. Rc8 Bxg2 70. Rd8+ Ke5 71. Rd3 Be4 0-1

[Event "52nd Groningen Open"]
[Site "Groningen NED"]
[Date "2014.12.28"]
[Round "7.47"]
[White "Acikel, Mert"]
[Black "Dijkhuis, Sven"]
[Result "0-1"]
[WhiteElo "1917"]
[BlackElo "2126"]
[WhiteFideId "12956465"]
[BlackFideId "1036556"]
[EventDate "2014.12.21"]

1. e4 c5 2. Nf3 e6 3. d4 cxd4 4. Nxd4 Nc6 5. Nc3 Qc7 6. Be3 a6 7. Qd2 Nf6 8. f3
Be7 9. O-O-O b5 10. Kb1 Bb7 11. g4 Nxd4 12. Bxd4 O-O 13. Bxf6 Bxf6 14. Qxd7 Qb6
15. Qd2 Rad8 16. Bd3 b4 17. Ne2 a5 18. Qf4 Qc5 19. h4 a4 20. g5 Be5 21. Qc1 Qb6
22. h5 b3 23. cxb3 axb3 24. a3 Rc8 25. Qd2 Ba6 26. Qb4 Qa7 27. f4 Rb8 28. Qd2
Rfd8 29. fxe5 Rxd3 30. Qc1 Rxd1 31. Qxd1 Qc5 32. Nc3 Qxe5 33. Qg4 Bd3+ 34. Kc1
Rc8 35. Kd2 Bc2 36. Ke2 Qd4 37. g6 Rc7 38. Qf4 Rd7 39. Qb8+ Rd8 40. gxf7+ Kxf7
41. Qf4+ Kg8 42. Qe3 Qf6 43. Qb6 Qg5 44. Qxe6+ Kh8 45. Rh3 Qd2+ 46. Kf3 Rf8+ 47.
Kg4 Qf4# 0-1

[Event "52nd Groningen Open"]
[Site "Groningen NED"]
[Date "2014.12.28"]
[Round "7.48"]
[White "Fluit, Johnny"]
[Black "Bhattacharjee, Sourav"]
[Result "1-0"]
[WhiteElo "2081"]
[BlackElo "2029"]
[WhiteFideId "1016253"]
[BlackFideId "1048090"]
[EventDate "2014.12.21"]

1. d4 Nf6 2. Bg5 Ne4 3. Bh4 d5 4. f3 Nf6 5. e4 dxe4 6. Nc3 e3 7. Bg5 e6 8. Bxe3
Bb4 9. Ne2 Nd5 10. Bf2 O-O 11. a3 Be7 12. g3 Re8 13. Bg2 Nd7 14. O-O N7f6 15.
Ne4 b5 16. Nc1 Bb7 17. Nd3 Nxe4 18. fxe4 Nf6 19. Qe2 Nd7 20. Rad1 a6 21. Nc5
Bxc5 22. dxc5 Qe7 23. Qe3 Ne5 24. Qc3 Nc6 25. e5 Rad8 26. Rd3 Ba8 27. Rfd1 h6
28. Be4 Qg5 29. Rxd8 Rxd8 30. Rxd8+ Qxd8 31. Qd3 Qe7 32. Qf1 Qg5 33. h4 Qd8 34.
Qg2 Qd7 35. g4 Kf8 36. Kh2 Ke7 37. Be3 Qe8 38. g5 hxg5 39. Qxg5+ Kf8 40. Qg2 Qd7
41. h5 Qd8 42. Kh3 Qd1 43. Bf3 Qe1 44. Bf4 Qb1 45. h6 gxh6 46. Bxh6+ Ke7 47.
Bxc6 Bxc6 48. Qxc6 Qf1+ 49. Qg2 Qf5+ 50. Kh4 Qh7 51. Qd2 Qe4+ 52. Bf4 Qh1+ 53.
Kg4 Qg1+ 54. Bg3 Ke8 55. c6 Qc5 56. Qg2 Qd4+ 57. Bf4 Qd1+ 58. Kh4 Qd4 59. Kg3
Qd1 60. Qf2 Qh1 61. Bg5 Qd1 62. Kf4 Qc1+ 63. Kg4 Qd1+ 64. Kg3 Qh1 65. Qe3 Qxc6
66. Qd2 Qa8 67. Bf6 Qc8 68. Qd3 Qa8 69. Qh7 Qd5 70. Qg8+ Kd7 71. Qd8+ Kc6 72.
Qxd5+ Kxd5 73. Kf3 c5 74. Ke3 Kc4 75. Kd2 b4 76. a4 Kd4 77. c3+ bxc3+ 78. bxc3+
Ke4 79. Ke2 c4 80. Bg7 1-0

[Event "52nd Groningen Open"]
[Site "Groningen NED"]
[Date "2014.12.28"]
[Round "7.49"]
[White "Gutkind, Kedem"]
[Black "Zuiderweg, Edwin"]
[Result "1-0"]
[WhiteElo "2064"]
[BlackElo "2010"]
[WhiteFideId "1046519"]
[BlackFideId "1012207"]
[EventDate "2014.12.21"]

1. e4 c5 2. Nf3 g6 3. d4 cxd4 4. Qxd4 Nf6 5. e5 Nc6 6. Qa4 Nd5 7. Qe4 Nc7 8. Nc3
Bg7 9. Bf4 Ne6 10. Bg3 f6 11. Bc4 O-O 12. O-O-O Qb6 13. Nd5 Qa5 14. exf6 Bxf6
15. Nc7 b5 16. Bxe6+ dxe6 17. Qxc6 Rb8 18. Kb1 Rb6 19. Qe4 Bb7 20. Qd3 Rc6 21.
Qxb5 Qxb5 22. Nxb5 Rb6 23. Nbd4 Bxf3 24. gxf3 e5 25. Nb3 Rfb8 26. Rhe1 a5 27. a4
Rb4 28. Bxe5 1-0

[Event "52nd Groningen Open"]
[Site "Groningen NED"]
[Date "2014.12.28"]
[Round "7.50"]
[White "Dijkstra, Arjan"]
[Black "Gieben, Stijn"]
[Result "1-0"]
[WhiteElo "2029"]
[BlackElo "2062"]
[WhiteFideId "1021389"]
[BlackFideId "1034170"]
[EventDate "2014.12.21"]

1. e4 c5 2. Nf3 e6 3. d4 cxd4 4. Nxd4 a6 5. Bd3 b5 6. O-O Qb6 7. Be3 Bc5 8. c3
Nc6 9. Bc2 Nf6 10. b4 Bxd4 11. Bxd4 Nxd4 12. cxd4 Bb7 13. Re1 Rc8 14. Re3 Rc4
15. d5 O-O 16. Nd2 Rxb4 17. Rg3 d6 18. Qf3 Qd4 19. Rd1 Qe5 20. Qa3 Rd4 21. Qe3
Nd7 22. Rb1 Qf6 23. Rf3 Qe5 24. Rh3 Rxd2 25. Qxd2 exd5 26. f4 Qf6 27. e5 1-0

[Event "52nd Groningen Open"]
[Site "Groningen NED"]
[Date "2014.12.28"]
[Round "7.51"]
[White "Sandvik, Thomas"]
[Black "Dirksen, Marieke"]
[Result "1/2-1/2"]
[WhiteElo "2060"]
[BlackElo "2002"]
[WhiteFideId "503231"]
[BlackFideId "1032160"]
[EventDate "2014.12.21"]

1. e4 c5 2. Nf3 d6 3. d4 cxd4 4. Nxd4 Nf6 5. Nc3 a6 6. Bg5 Nbd7 7. f4 Qb6 8. Nb3
h6 9. Bxf6 Nxf6 10. Qd2 Qc7 11. Nd5 Nxd5 12. exd5 g6 13. Bd3 Bg7 14. c3 b6 15.
O-O Bb7 16. Be4 O-O 17. Rae1 Rfe8 18. Rf3 f5 19. Bb1 e5 1/2-1/2

[Event "52nd Groningen Open"]
[Site "Groningen NED"]
[Date "2014.12.28"]
[Round "7.52"]
[White "Hertel, Johannes"]
[Black "Veltman, Anne"]
[Result "0-1"]
[WhiteElo "1984"]
[BlackElo "2012"]
[WhiteFideId "24694851"]
[BlackFideId "1026917"]
[EventDate "2014.12.21"]

1. d4 e6 2. c4 c5 3. d5 exd5 4. cxd5 d6 5. Nc3 g6 6. Nf3 Bg7 7. h3 a6 8. a4 f5
9. Bf4 Nd7 10. e4 Qe7 11. Qd3 Bxc3+ 12. Qxc3 Ngf6 13. O-O-O fxe4 14. Re1 O-O 15.
Ng5 Nb6 16. a5 Nfxd5 17. Rxe4 Qxe4 18. Nxe4 Nxc3 0-1

[Event "52nd Groningen Open"]
[Site "Groningen NED"]
[Date "2014.12.29"]
[Round "8.1"]
[White "Donchenko, Alexander"]
[Black "Raznikov, Danny"]
[Result "1-0"]
[WhiteTitle "IM"]
[BlackTitle "IM"]
[WhiteElo "2523"]
[BlackElo "2494"]
[WhiteFideId "24603295"]
[BlackFideId "2811154"]
[EventDate "2014.12.21"]

1. Nf3 c5 2. c4 Nc6 3. Nc3 Nf6 4. g3 d5 5. cxd5 Nxd5 6. Bg2 g6 7. O-O Bg7 8.
Nxd5 Qxd5 9. d3 O-O 10. Be3 Bd7 11. Nd4 Qd6 12. Nxc6 Bxc6 13. Bxc6 Qxc6 14. Rc1
Qe6 15. Rxc5 Qxa2 16. Rb5 b6 17. Qb3 Qa6 18. Rb4 Rfc8 19. Ra4 Qb7 20. Rfa1 h5
21. f3 Rc6 22. Ra6 Qd7 23. R1a4 Re6 24. Kf2 Re5 25. Rxb6 Qh3 26. Rh4 Qf5 27. Rb7
Re6 28. Rxa7 Rxa7 29. Bxa7 Qe5 30. Re4 Qxb2 31. Qxb2 Bxb2 32. Rxe6 fxe6 33. Ke3
Kf7 34. Kf4 Kf6 35. Be3 e5+ 36. Ke4 Ke6 37. Bb6 Bc3 38. g4 Bb2 39. Ba5 Bc1 40.
Bc3 Bf4 41. h3 Bg3 42. Bb2 Bh2 43. Bc3 Bg3 44. Ba5 Bh4 45. Bc7 Bf6 46. Bb8 hxg4
47. fxg4 Bg7 48. h4 Bf6 49. h5 gxh5 50. gxh5 Bg7 51. Bc7 Bh8 52. h6 Bf6 53. h7
Bg7 54. e3 1-0

[Event "52nd Groningen Open"]
[Site "Groningen NED"]
[Date "2014.12.29"]
[Round "8.2"]
[White "L'Ami, Erwin"]
[Black "Ipatov, Alexander"]
[Result "0-1"]
[WhiteTitle "GM"]
[BlackTitle "GM"]
[WhiteElo "2613"]
[BlackElo "2599"]
[WhiteFideId "1007998"]
[BlackFideId "14116731"]
[EventDate "2014.12.21"]

1. d4 d6 2. e4 Nf6 3. f3 c5 4. c3 Nbd7 5. Be3 g6 6. Nh3 Bg7 7. Be2 O-O 8. O-O e5
9. d5 Nb6 10. g4 h5 11. Nf2 Nh7 12. Nd2 Kh8 13. c4 Bf6 14. Kh1 hxg4 15. fxg4 Bg5
16. Qb3 Nd7 17. Nf3 Bf4 18. Bxf4 exf4 19. Qc3+ f6 20. g5 Ne5 21. Rg1 Nxg5 22.
Rxg5 fxg5 23. Nxe5 dxe5 24. Qxe5+ Qf6 25. Qxf6+ Rxf6 26. e5 Rf5 27. e6 Re5 28.
Bg4 b5 29. Nd3 Re4 30. Nxc5 Rxc4 31. b4 a5 32. Be2 Rc3 33. Bxb5 axb4 34. Bc6 Ra7
35. Na4 Rxc6 36. dxc6 Bxe6 37. Nb6 b3 38. a4 Rc7 0-1

[Event "52nd Groningen Open"]
[Site "Groningen NED"]
[Date "2014.12.29"]
[Round "8.3"]
[White "Andriasian, Zaven"]
[Black "Bok, Benjamin"]
[Result "1/2-1/2"]
[WhiteTitle "GM"]
[BlackTitle "GM"]
[WhiteElo "2609"]
[BlackElo "2572"]
[WhiteFideId "13302000"]
[BlackFideId "1017063"]
[EventDate "2014.12.21"]

1. Nf3 Nf6 2. c4 e6 3. g3 d5 4. Bg2 d4 5. O-O c5 6. e3 Nc6 7. exd4 cxd4 8. d3
Bd6 9. Na3 O-O 10. Nc2 e5 11. Rb1 a5 12. a3 a4 13. b4 axb3 14. Rxb3 Nd7 15. Rb5
Nc5 16. Re1 Bf5 17. Bf1 h6 18. Nb4 Re8 19. Nd5 Bh7 20. Nh4 Ne7 21. Nb4 Nc6 22.
Nd5 Ne7 23. Nb4 Nc6 24. Nd5 1/2-1/2

[Event "52nd Groningen Open"]
[Site "Groningen NED"]
[Date "2014.12.29"]
[Round "8.4"]
[White "Tiviakov, Sergei"]
[Black "Hovhannisyan, Mher"]
[Result "1-0"]
[WhiteTitle "GM"]
[BlackTitle "IM"]
[WhiteElo "2677"]
[BlackElo "2511"]
[WhiteFideId "1008013"]
[BlackFideId "13300865"]
[EventDate "2014.12.21"]

1. e4 e6 2. d4 d5 3. Nd2 h6 4. Ngf3 Nf6 5. Bd3 c5 6. exd5 exd5 7. dxc5 Bxc5 8.
Nb3 Bd6 9. Qe2+ Be7 10. O-O O-O 11. Nfd4 Re8 12. Qf3 Bg4 13. Qg3 Nc6 14. Bf4 Qc8
15. f3 Bd7 16. Qf2 Nh5 17. Nxc6 bxc6 18. Be3 Qc7 19. Bc5 Nf4 20. Bxe7 Rxe7 21.
Rfe1 Rae8 22. Rxe7 Rxe7 23. Bf1 Bf5 24. Nc5 Qb6 25. c3 Qb8 26. Rd1 Qe5 27. Qd2
h5 28. g3 Ne6 29. Nb3 Bg6 30. Nd4 Nxd4 31. Qxd4 Qb8 32. b4 Qb6 33. Kf2 Kf8 34.
a4 Qc7 35. c4 Bc2 36. cxd5 Bxd1 37. d6 Qb6 38. dxe7+ Kxe7 39. Qxb6 axb6 40. a5
bxa5 41. bxa5 Kd6 42. Bc4 f6 43. h4 Kc5 44. Ke3 Ba4 45. Bd3 Bb3 46. Kf4 Be6 47.
Be2 Bc8 48. Ke4 Be6 49. Ke3 Bc8 50. f4 Be6 51. Bxh5 Kb5 52. g4 Kxa5 53. g5 fxg5
54. fxg5 c5 55. Bg6 c4 56. h5 Kb4 57. h6 gxh6 58. gxh6 Bg8 59. Kd4 c3 60. Ke5
Kb3 61. Kf6 Kb2 62. Kg7 Ba2 63. h7 Bb1 64. h8=Q Bxg6 65. Kxg6 1-0

[Event "52nd Groningen Open"]
[Site "Groningen NED"]
[Date "2014.12.29"]
[Round "8.5"]
[White "Baghdasaryan, Vahe"]
[Black "Rakhmanov, Aleksandr"]
[Result "1/2-1/2"]
[WhiteTitle "IM"]
[BlackTitle "GM"]
[WhiteElo "2368"]
[BlackElo "2647"]
[WhiteFideId "13303139"]
[BlackFideId "4173708"]
[EventDate "2014.12.21"]

1. e4 c5 2. Nc3 Nc6 3. Nf3 Nd4 4. Bc4 e6 5. Nxd4 cxd4 6. Ne2 Nf6 7. d3 Bc5 8.
O-O O-O 9. Bb3 d5 10. e5 Ng4 11. f4 a5 12. a4 f6 13. Ng3 f5 14. h3 Nh6 15. Ne2
Bd7 16. Bd2 Be8 17. Qe1 Bh5 18. Ng3 Bg6 19. Kh1 Qb6 20. Ne2 Nf7 21. Nc1 Nd8 22.
c4 Bf7 23. Qe2 Kh8 24. cxd5 exd5 25. Qf3 Qe6 26. Ne2 Nc6 27. Rac1 Bb6 28. g4 Bg8
29. gxf5 Qxf5 30. Kg2 Qd7 31. Qh5 Rf5 32. Qg4 Be6 33. Ng3 Rxe5 34. f5 Bg8 35.
Bf4 Ree8 36. Nh5 Rf8 37. Bd6 Rfe8 38. f6 Qxg4+ 39. hxg4 gxf6 40. Rxf6 Bd8 41.
Rf5 Be6 42. Re5 h6 43. Re2 Bg5 44. Rce1 Be3 45. Nf6 Red8 46. Bf4 Rf8 47. Bxe3
Rxf6 48. Bg5 hxg5 49. Rxe6 Rxe6 50. Rxe6 Rd8 51. Rg6 Ne5 52. Rxg5 Nxd3 53. Kf3
Nb4 54. Ke2 Kh7 55. Re5 Kg6 56. Re7 b6 57. Re6+ Kg5 58. Rxb6 Re8+ 59. Kd2 Re3
60. Bxd5 Rh3 61. Rxb4 axb4 62. a5 Rh2+ 63. Kc1 d3 64. a6 Rc2+ 65. Kd1 Rxb2 66.
a7 Rb1+ 67. Kd2 Ra1 68. a8=Q Rxa8 69. Bxa8 b3 70. Kxd3 b2 71. Kc2 b1=Q+ 72. Kxb1
Kxg4 1/2-1/2

[Event "52nd Groningen Open"]
[Site "Groningen NED"]
[Date "2014.12.29"]
[Round "8.6"]
[White "Ma, Qun"]
[Black "Alsina Leal, Daniel"]
[Result "0-1"]
[WhiteTitle "GM"]
[BlackTitle "GM"]
[WhiteElo "2621"]
[BlackElo "2540"]
[WhiteFideId "8603154"]
[BlackFideId "2252627"]
[EventDate "2014.12.21"]

1. d4 d5 2. c4 c6 3. Nf3 Nf6 4. Nc3 a6 5. e3 e6 6. c5 b6 7. cxb6 Nbd7 8. Bd3 c5
9. O-O cxd4 10. exd4 Bd6 11. Na4 Nxb6 12. Nc5 O-O 13. Bg5 Nbd7 14. Rc1 a5 15.
Qd2 Be7 16. Rfe1 Nxc5 17. dxc5 Ba6 18. Bb1 Re8 19. a3 a4 20. Qd4 h6 21. Bf4 Qa5
22. Ne5 Rac8 23. c6 Bb5 24. Re3 Nh5 25. Bxh6 gxh6 26. Qg4+ Ng7 27. Qf4 f5 28.
Qd4 Bf6 29. g4 Bxc6 30. gxf5 Bb7 31. Rce1 exf5 32. Bxf5 Nxf5 33. Qg4+ Ng7 34.
Nd7 Qxe1+ 35. Rxe1 Rxe1+ 36. Kg2 Re6 37. Qxa4 Bc6 0-1

[Event "52nd Groningen Open"]
[Site "Groningen NED"]
[Date "2014.12.29"]
[Round "8.7"]
[White "Vocaturo, Daniele"]
[Black "Azaladze, Shota"]
[Result "1/2-1/2"]
[WhiteTitle "GM"]
[BlackTitle "IM"]
[WhiteElo "2590"]
[BlackElo "2499"]
[WhiteFideId "813192"]
[BlackFideId "13603027"]
[EventDate "2014.12.21"]

1. e4 g6 2. d4 Bg7 3. c4 d6 4. Nc3 Nf6 5. Be2 O-O 6. Nf3 e5 7. O-O Nc6 8. d5 Ne7
9. a4 a5 10. Ne1 Nd7 11. Nd3 b6 12. Be3 f5 13. f3 f4 14. Bf2 g5 15. b4 axb4 16.
Nxb4 Ra5 17. Nb5 Nc5 18. Be1 Bd7 19. Nd3 Ra8 20. a5 Nc8 21. axb6 Rxa1 22. Qxa1
Nxb6 23. Nxc5 dxc5 24. Bf2 Bxb5 25. cxb5 Qd6 26. Qc3 Nd7 27. Ra1 Rb8 28. Ra6 Rb6
29. Qc4 Bf8 30. Be1 Kg7 31. Ba5 Be7 32. Bf1 h5 33. Be2 Qg6 34. Kf1 Bd6 35. Bxb6
Nxb6 36. Qc3 Qf6 37. Ra2 Qd8 38. Ke1 g4 39. g3 Qg5 40. Bd1 c4 41. gxf4 Qxf4 42.
Qd2 g3 43. hxg3 Qxg3+ 44. Kf1 Qf4 45. Qxf4 exf4 46. Be2 Be5 47. Ke1 Kf6 48. Bf1
Bd6 49. Kd1 Ke5 50. Rh2 Kd4 51. Rxh5 Nd7 52. Kc2 Ne5 53. Be2 Ke3 54. Bd1 Kd4 55.
Rh2 Nd3 56. Be2 Nb4+ 57. Kc1 Na2+ 58. Kb2 Nc3 59. Bf1 Nxb5 60. Rc2 Ke3 61. Rxc4
Be5+ 62. Kc1 Kxf3 63. Kd2 Nd6 64. Be2+ Kf2 65. Ra4 f3 66. Bd1 Kg2 67. Ke3 f2 68.
Be2 f1=Q 69. Bxf1+ Kxf1 70. Ra2 Kg1 71. Rc2 Nf7 72. Kf3 Bd6 73. Kg4 Ne5+ 74. Kf5
Kf1 75. Ke6 Ke1 76. Ra2 Kd1 77. Ra6 Kd2 78. Rxd6 cxd6 79. Kxd6 Nc4+ 80. Ke6 Kd3 1/2-1/2

[Event "52nd Groningen Open"]
[Site "Groningen NED"]
[Date "2014.12.29"]
[Round "8.8"]
[White "Ernst, Sipke"]
[Black "Klekowski, Maciej"]
[Result "0-1"]
[WhiteTitle "GM"]
[WhiteElo "2553"]
[BlackElo "2418"]
[WhiteFideId "1004689"]
[BlackFideId "1132717"]
[EventDate "2014.12.21"]

1. d4 Nf6 2. Nf3 e6 3. Bg5 c5 4. c3 d5 5. e3 Nc6 6. Nbd2 Bd6 7. Bd3 h6 8. Bh4
O-O 9. O-O e5 10. dxe5 Nxe5 11. Nxe5 Bxe5 12. f4 Bd6 13. c4 Be7 14. Re1 dxc4 15.
Nxc4 Be6 16. h3 Qc7 17. Ne5 Rad8 18. Qe2 Nd5 19. Bxe7 Nxe7 20. Rac1 f6 21. Nf3
Kh8 22. b4 Qd6 23. Be4 cxb4 24. Bxb7 Qb6 25. Be4 Rc8 26. Nd4 Bg8 27. Kh2 a5 28.
Rc2 Rc5 29. Rb1 Rfc8 30. Rxc5 Rxc5 31. Qd2 Qd6 32. Qe2 Qb6 33. Qd2 Qc7 34. Rb2
Rc3 35. Bf3 Qc4 36. Be2 Qd5 37. Bf3 Qd6 38. Qf2 Qc5 39. Rd2 a4 40. Bg4 Qb6 41.
Bd7 b3 42. axb3 axb3 43. Bb5 Qb7 44. Qe2 Qe4 45. Bd3 Rxd3 46. Rxd3 Bc4 47. Nxb3
Qxd3 48. Qxd3 Bxd3 49. Nc5 Bc2 50. e4 Nc6 51. g4 Nd4 52. Kg3 Nb3 53. Nxb3 Bxb3
54. f5 Kg8 55. Kf4 Kf7 56. e5 Bd5 57. h4 Bb3 58. exf6 gxf6 59. Ke3 h5 60. g5 Bc2
61. Kf4 Kg7 0-1

[Event "52nd Groningen Open"]
[Site "Groningen NED"]
[Date "2014.12.29"]
[Round "8.9"]
[White "Berkovich, Mark A"]
[Black "Werle, Jan"]
[Result "1/2-1/2"]
[WhiteTitle "IM"]
[BlackTitle "GM"]
[WhiteElo "2362"]
[BlackElo "2531"]
[WhiteFideId "2801639"]
[BlackFideId "1006088"]
[EventDate "2014.12.21"]

1. Nf3 Nf6 2. g3 c5 3. Bg2 d5 4. O-O Nc6 5. d4 e6 6. c4 dxc4 7. dxc5 Bxc5 8.
Qxd8+ Kxd8 9. Nbd2 Ke7 10. Nxc4 Bd7 11. Nfe5 Rac8 12. Nxd7 Nxd7 13. Rd1 b5 14.
Bxc6 Rxc6 15. Rxd7+ Kxd7 16. Ne5+ Kc7 17. Nxc6 Kxc6 18. Bf4 Rd8 19. Rc1 a5 20.
Kg2 b4 21. b3 Kb5 22. Kf3 Rd5 23. e4 Rd7 24. Ke2 f6 25. f3 e5 26. Bd2 h5 27. Be1
g6 28. Rd1 Rxd1 1/2-1/2